| 000 | 00710cam a22002531 4500 | ||
|---|---|---|---|
| 001 | ne 66000039 | ||
| 003 | DLC | ||
| 005 | 20260227111820.0 | ||
| 008 | 880330s1961 ir b 000 0 fre | ||
| 010 | _ane 66000039 | ||
| 035 | _a(OCoLC)17701878 | ||
| 040 |
_aDLC _cIUB _dDLC |
||
| 042 | _apremarc | ||
| 043 | _aa-ir--- | ||
| 050 | 0 | 0 |
_aKMH3790 _b.A95 1961 |
| 100 | 1 | _aĀkhūndī, Maḥmūd. | |
| 245 | 1 | 5 | _aDe l'influence de la tradition religieuse sur le droit pénal de l'Iran. |
| 260 |
_aTéhéran, _c1961. |
||
| 300 |
_a146 p. _c21 cm. |
||
| 502 | _aThèse--Université de Neuchâtel. | ||
| 504 | _aBibliography: p. [137]-142. | ||
| 650 | 0 |
_aCriminal law _zIran. |
|
| 650 | 0 | _aReligion and law. | |
| 999 |
_c48622 _d48622 |
||